MARC

LEADER 00000nam0a2200000 4500
001 333196
005 20231102004530.0
035 |a (RuTPU)RU\TPU\book\359191 
035 |a RU\TPU\book\320037 
090 |a 333196 
100 |a 20170607d1978 k y0rusy50 ca 
101 0 |a rus 
102 |a RU 
105 |a a z 001zy 
200 1 |a Фосфорорганические соединения и полимеры  |h Вып. 4  |e межвузовский сборник  |f Чувашский государственный университет (ЧГУ) ; отв. ред. В. А. Кухтин 
210 |a Чебоксары  |c Чувашский государственный ун-т  |d 1978 
215 |a 136 с.  |c ил. 
320 |a Библиогр. в конце статей 
606 1 |a Фосфорорганические соединения  |x Химия  |2 stltpush  |3 (RuTPU)RU\TPU\subj\64192  |9 81105 
610 1 |a полимеры 
610 1 |a фосфор 
610 1 |a фосфазосоединения 
610 1 |a свойства 
610 1 |a красители 
610 1 |a синтез 
610 1 |a химические реакции 
610 1 |a окиси 
610 1 |a хлорметилирование 
610 1 |a дихлорангидриды 
610 1 |a спин-спиновое взаимодействие 
610 1 |a константы 
610 1 |a расчет 
675 |a 547.1'118  |v 4 
702 1 |a Кухтин  |b В. А.  |4 340 
712 0 2 |a Чувашский государственный университет (ЧГУ)  |c (Чебоксары)  |2 stltpush  |3 (RuTPU)RU\TPU\col\299 
801 1 |a RU  |b 63413507  |c 20150519 
801 2 |a RU  |b 63413507  |c 20180207  |g RCR 
942 |c BK